=LDR 00000nam 2200000 4500 =001 INLIS000000000000828 =005 20230217014217 =035 ##$$a 0010-0223000170 =007 ta =008 230217###########################0#ind## =082 ##$$a 153.8 =084 ##$$a 153.8 GIL t =100 #$$a Gilbert Paul =245 1#$$a The Confident Factors : Tips dan Trik menjadi Orang yangg Percaya Diri /$c Gilbert Paul =250 ##$$a 1 =260 ##$$a Jakarta :$b Prestasi Pustaka Publisher,$c 2010 =300 ##$$a x, 278 cm ; $c 23 cm =020 ##$$a 978-602-8470-36-0 =650 #4$$a self confidence =990 ##$$a B-2010-00048